MARC details
| 000 -CABECERA |
| campo de control de longitud fija |
02345cab a2200289 ab4500 |
| 005 - FECHA Y HORA DE LA ÚLTIMA TRANSACCIÓN |
| campo de control |
20241113110347.0 |
| 008 - ELEMENTOS DE LONGITUD FIJA--INFORMACIÓN GENERAL |
| campo de control de longitud fija |
991125c2018 sp tr p o 000 0 spa d |
| 035 ## - NÚMERO DE CONTROL DEL SISTEMA |
| Número de control de sistema |
UPN01000228876 |
| 040 ## - FUENTE DE LA CATALOGACIÓN |
| Centro catalogador/agencia de origen |
MX-MxUPN |
| Lengua de catalogación |
spa |
| Centro/agencia transcriptor |
MX-MxUPN |
| Normas de descripción |
aacr2 |
| 049 ## - COLECCIÓN |
| Colección |
ART-E |
| 100 1# - ASIENTO PRINCIPAL--NOMBRE PERSONAL |
| Nombre de persona |
Orozco Marín, Yonier Alexander |
| Enlace |
- apmusicomano@gmail.com |
| 100 1# - ASIENTO PRINCIPAL--NOMBRE PERSONAL |
| Nombre de persona |
Ferreira Peruquetti, Patricia |
| 100 1# - ASIENTO PRINCIPAL--NOMBRE PERSONAL |
| Nombre de persona |
Karaccas de Carvalho, Yuri |
| 245 10 - MENCIÓN DE TÍTULO |
| Título |
Caracterización cuantitativa y cualitativa de evidencias de aprendizaje por parte de público escolar en la Exposición Itinerante «Animales de la Amazonía : Conocer para preservar» |
| 506 0# - NOTA DE RESTRICCIONES AL ACCESO |
| Limitaciones de acceso |
Acceso abierto |
| 520 3# - NOTA DE RESUMEN, ETC. |
| Sumario, etc. |
El objetivo de este trabajo fue el de caracterizar las evidencias de aprendizaje sobre el tema «Vertebrados de la Amazonía» por parte de público escolar de una escuela pública de la ciudad de Rio Branco (Acre, Brasil) en la exposición itinerante «Animales de la Amazonía: Conocer para preservar». A través de la comparación de parámetros cuantitativos y cualitativos en los mapeos de significado personal (PMM, por sus siglas en inglés) realizados por los estudiantes antes y después de la visita. Tres parámetros fueron analizados cuantitativa y cualitativamente en los PMM: extensión, alcance y profundidad. El aprendizaje de los alumnos se caracterizó por un aumento en el vocabulario utilizado para referirse al tema «Vertebrados de la Amazonía», el abordaje del asunto desde nuevas y diferentes perspectivas, con un énfasis mayor en la perspectiva ecológica. Los resultados destacan el potencial de las exposiciones itinerantes para contribuir al aprendizaje del público escolar sobre la biodiversidad local y sugieren la necesidad de investigar los procesos de evaluación del impacto en los visitantes de estos espacios. Eureka |
| 653 0# - TERMINO DE INDIZACION - NO CONTROLADO |
| Término no controlado |
Enseñanza de las ciencias |
| 653 0# - TERMINO DE INDIZACION - NO CONTROLADO |
| Término no controlado |
Educación no formal |
| 653 0# - TERMINO DE INDIZACION - NO CONTROLADO |
| Término no controlado |
Exposiciones itinerantes |
| 653 0# - TERMINO DE INDIZACION - NO CONTROLADO |
| Término no controlado |
Evaluación del aprendizaje |
| 773 ## - ENLACE AL DOCUMENTO FUENTE/ENTRADA DE REGISTRO ANFITRIÓN |
| Parte(s) relacionada(s) |
Vol. 15, no. 3 (2018), p. 1-19 |
| Título |
Revista Eureka sobre enseñanza y divulgación de las ciencias |
| Número Internacional Normalizado para Publicaciones Seriadas |
1697-011X |
| 856 4# - LOCALIZACIÓN Y ACCESO ELECTRÓNICOS |
| Identificador Uniforme del Recurso |
<a href="https://revistas.uca.es/index.php/eureka/article/view/4117">https://revistas.uca.es/index.php/eureka/article/view/4117</a> |
| 856 4# - LOCALIZACIÓN Y ACCESO ELECTRÓNICOS |
| Identificador Uniforme del Recurso |
<a href="http://dx.doi.org/10.25267/Rev_Eureka_ensen_divulg_cienc.2018.v15.i3.3106">http://dx.doi.org/10.25267/Rev_Eureka_ensen_divulg_cienc.2018.v15.i3.3106</a> |
| 902 ## - ELEMENTOS DE DATOS B LOCAL, LDB (RLIN) |
| Creó |
Leonor Sotres/131124 |
| 905 ## - TIPO DE MATERIAL |
| Tipo de material |
Articulo |
| 942 ## - ELEMENTOS DE PUNTO DE ACCESO ADICIONAL (KOHA) |
| Tipo de ítem Koha |
Artículo Electrónico |